00278pam a2200109 i 4500020001500000082001400015100002200029245002400051260003900075300001300114650004100127 a007462031200a541.3 BAR1 aBarrow, Gordon M.10aPhysical chemistry  aNew DelhibTata McGraw-Hill,c2005 a859 p. : 0aChemistry, Physical and theoretical.